| 000 | 00398nam a2200133 a 4500 | ||
|---|---|---|---|
| 001 | 000046192 | ||
| 005 | 20201002052710.0 | ||
| 008 | 150703s2015 000 spa d | ||
| 020 | _a9789945408935 | ||
| 040 |
_aDO-SdBNP _bspa _cBNPHU |
||
| 245 | 0 | _aExpertos opinan sobre el código de trabajo. | |
| 260 |
_aSanto Domingo, República Dominicana, : _bArgos, _c2015. |
||
| 300 |
_a111 p. : _bil. ; _c22 cm. |
||
| 999 |
_c45681 _d45681 |
||